000 00628nam a2200229Ia 4500
005 20250108125125.0
008 008 250107s9999 xx 000 0 eng d
020 _a978-93-93785-72-5
037 _aTB
040 _aCRL
_beng
_cCRL
041 _asin
_2eng
084 _a4,1:(Y5927) 152Q7
084 _qCRL
100 _aLachhani Jagdish Au.
_9730436
245 0 _aPrem prakash
_cLachhani Jagdish Au.
260 _aUlhasnagar, India
_bVeena Publication
_c3398
300 _a234p.
365 _aINR
_b1195
650 _aSINDHI LITERATURE
942 _cTB
_h4,1:(Y5927) 152Q7
999 _c1235786
_d1235786